000 00625nam a2200241Ia 4500
003 OSt
005 20220924121702.0
006 a|||||r|||| 00| 0
007 ta
008 220923b |||||||| |||| 00| 0 urd d
020 _c30
024 _a314778
037 _cTextual
040 _aARTS
_cARTS
_burd
041 _2urd
_aurd
082 _aO168,1N34x, M6
100 _aAhmad Fakhir
_9186917
245 0 _aKhad-o-khal
260 _aKarachi
_bAnjuman Sukhanwaran Pakistan
_c1986
650 _aURDU POETRY
942 _hO168,1N34x, M6
_cTEXL
_2CC
999 _c408604
_d408604